<?xml version="1.0" encoding="UTF-8"?><?xml-stylesheet type="text/xsl" href="static/style.xsl"?><OAI-PMH xmlns="http://www.openarchives.org/OAI/2.0/" xmlns:xsi="http://www.w3.org/2001/XMLSchema-instance" xsi:schemaLocation="http://www.openarchives.org/OAI/2.0/ http://www.openarchives.org/OAI/2.0/OAI-PMH.xsd"><responseDate>2026-04-27T12:56:00Z</responseDate><request verb="GetRecord" identifier="oai:uvadoc.uva.es:10324/6039" metadataPrefix="marc">https://uvadoc.uva.es/oai/request</request><GetRecord><record><header><identifier>oai:uvadoc.uva.es:10324/6039</identifier><datestamp>2021-07-12T10:08:20Z</datestamp><setSpec>com_10324_38</setSpec><setSpec>col_10324_785</setSpec></header><metadata><record xmlns="http://www.loc.gov/MARC21/slim" xmlns:doc="http://www.lyncode.com/xoai" xmlns:xsi="http://www.w3.org/2001/XMLSchema-instance" xmlns:dcterms="http://purl.org/dc/terms/" xsi:schemaLocation="http://www.loc.gov/MARC21/slim http://www.loc.gov/standards/marcxml/schema/MARC21slim.xsd">
<leader>00925njm 22002777a 4500</leader>
<datafield tag="042" ind1=" " ind2=" ">
<subfield code="a">dc</subfield>
</datafield>
<datafield tag="720" ind1=" " ind2=" ">
<subfield code="a">Vela Fernández, Javier</subfield>
<subfield code="e">author</subfield>
</datafield>
<datafield tag="260" ind1=" " ind2=" ">
<subfield code="c">2013</subfield>
</datafield>
<datafield tag="520" ind1=" " ind2=" ">
<subfield code="a">Se pretende con este proyecto es la adecuación de equipos a presión existentes en&#xd;
las instalaciones de la empresa Crystal Pharma S.L a la normativa, para que las&#xd;
instalaciones que nos ocupa reúnan las condiciones y garantías mínimas exigidas por la&#xd;
reglamentación vigente que le es de aplicación.</subfield>
</datafield>
<datafield tag="024" ind2=" " ind1="8">
<subfield code="a">http://uvadoc.uva.es/handle/10324/6039</subfield>
</datafield>
<datafield ind1=" " ind2=" " tag="653">
<subfield code="a">Recipientes a presión-Derecho-España-Legislación</subfield>
</datafield>
<datafield tag="245" ind1="0" ind2="0">
<subfield code="a">Legalización de equipos a presión</subfield>
</datafield>
</record></metadata></record></GetRecord></OAI-PMH>